01353nam a2200313 a 450000100100000000500170001000800410002702000150006804000250008308200230010810000260013124000490015724502050020625000110041126000690042230000340049150000690052553400570059465000470065165000380069870000320073670000440076870000340081270000330084691000070087904900090088695201270089599900170102200002305920240513194009.0101125s1997 ag a 001 0 spa d a0201653702 aDO-SdBNPbspacBNPHU a005.74bE48s, 19971 aElmasri, Ramez94746310aFundamentals of database systems.lEspañol10aSistemas de bases de datos :bconceptos fundamentales /cRamez Elmasri, Shamkant B. Navathe; traducción de Roberto Escalona García ; colaboración de Felipe López Gamino y Arantza Illarramendi. a2a ed. aBuenos Aires, Argentina :bAddison Wesley Iberoamericana,c1997. axxii, 887 p. :bil. ;c24 cm. aIncluye índice de materias y vocabulario técnico bilingüe. aTítulo original:tFundamentals of database systems 0aAdministración de bases de datos 947290 4aDiseño de bases de datos9472891 aNavathe, Shamkant B.9474641 aEscalona García, Roberto,etr.9450911 aLópez Gamino, Felipe9474651 aIllarramendi, Arantza947466 aWM aBNGR 001054708MOaGRbGRcHDd2010-11-25iLF1l0o005.74 E48s, 1997p23059-10r2020-06-25w2020-06-25y4ZPréstamo en sala c22556d22556